banner koha

Drummond frente e verso : (Registro n. 8759)

MARC details
000 -LÍDER
campo de controle de tamanho fixo 01062nam a2200253 a 4500
001 - NÚMERO DE CONTROLE
campo de controle BS0003696
003 - IDENTIFICADOR DO NÚMERO DE CONTROLE
campo de controle BR-BrBNA
005 - DATA E HORÁRIO DA ÚLTIMA TRANSAÇÃO
campo de controle 20230418192403.0
008 - CAMPO DE DADOS FIXOS--INFORMAÇÃO GERAL
campo de controle de tamanho fixo 230308b |||||||| |||| 00| 0 por d
040 ## - FONTE DA CATALOGAÇÃO
Instituição da catalogação original BR-BrBNA
Idioma da catalogação por
Instituição que transcreveu o registro Biblioteca Nacional de Agricultura
041 ## - CÓDIGO DE IDIOMA
Código do idioma do texto/trilha sonora ou título diferente por
072 ## - CÓDIGO DE CATEGORIA DE ASSUNTO
Código de Categoria de Assunto B60
090 ## - NÚMERO DE CHAMADA LOCAL
Número de chamada B60 BS0003696
100 1# - ENTRADA PRINCIPAL--NOME PESSOAL
Nome pessoal Andrade, Carlos Drummond, de
100 1# - ENTRADA PRINCIPAL--NOME PESSOAL
Nome pessoal Monteiro, salvador
100 1# - ENTRADA PRINCIPAL--NOME PESSOAL
Nome pessoal Kaz, Leonel
245 1# - TÍTULO
Título Drummond frente e verso :
Restante do título Fotobiografia de Carlos Drummond de Andrade /
260 3# - PUBLICAÇÃO, DISTRIBUIÇÃO, ETC.
Local de publicação, distribuição, etc. Rio de Janeiro, RJ:
Nome do editor, distribuidor, etc. Edições Alumbramento,
Data da publicação, distribuição, etc. 1998.
300 ## - DESCRIÇÃO FÍSICA
Extensão 205 p.
520 3# - NOTA DE RESUMO, ETC
Resumo, etc. Esta obra é uma foto biografia de um dos maiores expoentes do movimento modernismo brasileiro, no campo da literatura - Carlos Drummond de Andrade. O livro apresenta mais de 550 imagens relacionadas ao movimento modernista além de textos de Telê Ancona Lopez e Ferreira Gullar, sobre as raízes do movimento e sua influência literária e artística.
650 ## - ASSUNTO--TERMO TÓPICO
Cabeçalho tópico ou nome geográfico BIOGRAFIA
909 ## -
-- 202304
-- Sergio Santos
-- 56
-- Sergio Santos
942 ## - ELEMENTOS DE ENTRADA ADICIONADOS (KOHA)
Tipo de material Koha Livros
Exemplares
Situação do descarte Fonte da classificação ou esquema de arquivamento na estante Situação física Não pode ser emprestado Coleção Biblioteca de origem Biblioteca atual Total de empréstimos Número de telefone completo Código de barras Data de último acesso Número do exemplar Tipo de material Koha Situação das perdas Data de aquisição Fonte de aquisição Qualificador de local codificado
  Classificação AGRIS     Acervo Cultural Biblioteca Nacional de Agricultura - Binagri Biblioteca Nacional de Agricultura - Binagri   B60 BS0003696 B60 BS0003696 12/04/2023 01 Livros   2023-04-04 Doação B60

BINAGRI

Telefone: (61)3218-2567/2388/3357/2097 - binagri@agro.gov.br

Ministério da Agricultura e Pecuária , Esplanada dos Ministérios, Bloco D, Anexo B, Brasília/DF, CEP: 70.043-900